LEADER 01286nam0 22003493i 450 001 BVE0028215 005 20231121125412.0 010 $bERR$z3487059320 100 $a20131028d1866 ||||0itac50 ba 101 | $alat$agrc 102 $ade 181 1$6z01$ai $bxxxe 182 1$6z01$an 200 1 $aAiax$fSophocles$gcommentario perpetuo illustravit Christianus Augustus Lobeck 205 $aRist. anast. della 3. ed. di Berlino del 1866 210 $aHildesheim \etc.!$cG. Olms$d1976 215 $aVIII, 430 p.$d19 cm 300 $aRist. anast 3. ed. 1866 ; con il testo orig. 676 $a882.01$9Dramma e poesia drammatica in greco classico. Origini-499.$v21 700 1$aLobeck$b, Christian August$3BVEV015624$4070$0186210 702 0$aSophocles$3CFIV001293 790 0$aSofocle$3CFIV001294$zSophocles 790 0$aSophokles$3MUSV061733$zSophocles 790 0$aSofokl?s$3SBNV084571$zSophocles 801 3$aIT$bIT-01$c20131028 850 $aIT-FR0017 899 $aBiblioteca umanistica Giorgio Aprea$bFR0017 912 $aBVE0028215 950 0$aBiblioteca umanistica Giorgio Aprea$d 52MAG 9/902$e 52FLS0000206835 VMN RS $fA $h20131028$i20131028 977 $a 52 996 $aAiax$93603292 997 $aUNICAS LEADER 01810nas 2200433 n 450 001 990009072310403321 005 20240229084427.0 011 $a0506-7286 035 $a000907231 035 $aFED01000907231 035 $a(Aleph)000907231FED01 035 $a000907231 091 $2CNR$aP 00120287 100 $a20090724a19689999km-y0itaa50------ba 101 0 $ager 102 $aDE 110 $aauu-------- 200 1 $aVerfassung und Recht in Übersee 207 1$a1968- 210 $aBaden-Baden$cNomos-Verlagsgesellschaft 530 0 $aVerfassung und Recht in Übersee 675 $a347 675 $a947 675 $a950 675 $a34(100-772/-773) 675 $a[342:32](100-772/-773) 676 $a342 712 02$aUniversität Hamburg.$bInstitut für Internationale Angelegenheiten 712 02$aHamburger Gesellschaft für Völkerrecht und Auswärtige Politik 801 0$aIT$bACNP$c20090723 859 4 $uhttp://acnp.cib.unibo.it/cgi-ser/start/it/cnr/dc-p1.tcl?catno=67162&person=false&language=ITALIANO&libr=&libr_th=unina1$zBiblioteche che possiedono il periodico 901 $aSE 912 $a990009072310403321 958 $aBiblioteca del Dipartimento di Diritto dell'Economia. Università di Napoli Federico II$b1989-2001;2003-2005;$e2/106$fDEC 959 $aDEC 996 $aVerfassung und Recht in Übersee$9786942 997 $aUNINA AP1 8 $6866-01$aNA032 Biblioteca del Dipartimento di Diritto dell'Economia. Università di Napoli Federico II$b2/106$evia Cintia, Compl. Univ. Monte S. Angelo, 80126 Napoli (NA)$m081 675190 081 675122$m081 675123$nit AP2 40$aacnp.cib.unibo.it$nACNP Italian Union Catalogue of Serials$uhttp://acnp.cib.unibo.it/cgi-ser/start/it/cnr/df-p.tcl?catno=67162&language=ITALIANO&libr=&person=&B=1&libr_th=unina&proposto=NO